Emlékezni kell a múltra

Bibliographic Details
Main Author: Kovács Horváth, Judit (Author)
Format: Article
Language:Hungarian
PhysicalDescription:Fotogr.
ISSN:1336-3638
Subjects:

MARC

LEADER 00000nab a2200000 4500
001 vtls011743790
003 SK-MaSNL
005 20260318132633.0
008 180227|2018 xo w||| || ||00 0|hun
015 |a SNBRB2018/02 
040 |a DSZK  |b slo  |c DSZK  |e rda 
041 |a hun 
043 |a e-xo--- 
044 |a xo  |c SK 
072 7 |a 37  |x Výchova a vzdelávanie  |2 konspekt 
072 7 |a 373.2/.3  |x Predškolská a primárna výchova a vzdelávanie  |2 konspekt 
080 |a 37.011.3-051  |x (437.612)  |2 2011 
100 1 |a Kovács Horváth, Judit  |4 aut  |9 1111249 
245 1 0 |a Emlékezni kell a múltra  |c Kovács Horváth Judit 
300 |b Fotogr. 
336 |a text  |b txt  |2 rdacontent 
337 |a bez média  |b n  |2 rdamedia 
338 |a zväzok  |b nc  |2 rdacarrier 
610 2 7 |a Základná škola Lászlóa Amadea s vyučovacím jazykom maďarským (Gabčíkovo, Slovensko)  |2 snkbucl  |9 1192784 
650 0 7 |a učitelia  |2 SNKPH  |9 3995 
650 0 7 |a stretnutia  |2 dszk  |9 877999 
651 7 |a Gabčíkovo (Slovensko)  |2 SNKPH  |9 23512 
773 0 |t Csallóköz  |g Évf. 57, sz. 51-52 (2017), o. 29  |x 1336-3638 
852 |a DSZK  |b KIS3GCP 
958 |a HU 
999 |c 2074831  |d 2076761